| 000 | 01029nam a2200229 a 4500 | ||
|---|---|---|---|
| 001 | 47070 | ||
| 003 | BD-RjUL | ||
| 005 | 20211209054244.0 | ||
| 008 | 160807s1987 bg ||||| |||| 00| 0 ben d | ||
| 035 | _a(BD-RjUL)47189 | ||
| 040 |
_aBD-RjUL _bben _cBD-RjUL _dBD-RjUL |
||
| 041 | _aben | ||
| 082 |
_223 _a320.95492 _bAZB 1987 |
||
| 100 |
_aআজাদ, আবদুর রহিম _9143360 |
||
| 245 | 1 | 0 |
_aবাংলাদেশের রাজনীতি : _bপ্রকৃতি ও প্রবনতা : ২১-দফা থেকে ৫-দফা / _cআবদুর রহিম আজাদ, শাহ আহমদ রেজা |
| 260 |
_aঢাকা : _bসামাজিক বিজ্ঞান গবেষণা কেন্দ্র, _c১৯৮৭ |
||
| 300 |
_a[৯], ৩৬৬ পৃ. ; _c২৫ সেমি. |
||
| 650 |
_aরাজনীতি _zবাংলাদেশ _9120022 |
||
| 650 |
_aPolitics _zBangladesh _9120023 |
||
| 700 |
_aরেজা, শাহ আহমদ _9143361 |
||
| 942 |
_2ddc _cBK |
||
| 999 |
_c47070 _d47070 |
||